Welcome to CU Library Online Public Access Catalogue (OPAC)

MEDIA WAVES (Record no. 1892)

MARC details
000 -LEADER
fixed length control field 00384nam a22001457a 4500
005 - DATE AND TIME OF LATEST TRANSACTION
control field 20241202131533.0
008 - FIXED-LENGTH DATA ELEMENTS--GENERAL INFORMATION
fixed length control field 241202b |||||||| |||| 00| 0 eng d
020 ## - INTERNATIONAL STANDARD BOOK NUMBER
International Standard Book Number 0070180113
050 ## - LIBRARY OF CONGRESS CALL NUMBER
Classification number P 90 RUB
100 ## - MAIN ENTRY--PERSONAL NAME
Personal name RUBINSTEIN F. GEOFFREY
245 ## - TITLE STATEMENT
Title MEDIA WAVES
Remainder of title AN INTRODUCTION TO MASS COMMUNICATION
260 ## - PUBLICATION, DISTRIBUTION, ETC.
Place of publication, distribution, etc. BOSTON
Name of publisher, distributor, etc. MCGRAW HILL
Date of publication, distribution, etc. c1998
500 ## - GENERAL NOTE
General note 214p
942 ## - ADDED ENTRY ELEMENTS (KOHA)
Source of classification or shelving scheme Library of Congress Classification
Koha item type Books
Suppress in OPAC No
999 ## -
-- 1892
-- 1892
Holdings
Withdrawn status Lost status Source of classification or shelving scheme Damaged status Not for loan Collection Home library Current library Shelving location Date acquired Total checkouts Full call number Barcode Date last seen Copy number Price effective from Koha item type
    Library of Congress Classification     Non-fiction Business Library (Miotso) Business Library (Miotso) General stacks 03/27/2026   P90 RUB BSSM00003072 03/27/2026 1 03/27/2026 Books
    Library of Congress Classification     Non-fiction Business Library (Miotso) Business Library (Miotso) General stacks 03/27/2026   P90 RUB BSSM00003073 03/27/2026 2 03/27/2026 Books
    Library of Congress Classification     Non-fiction Business Library (Miotso) Business Library (Miotso) General stacks 03/27/2026   P90 RUB BSSM00003074 03/27/2026 3 03/27/2026 Books
    Library of Congress Classification     Non-fiction Business Library (Miotso) Business Library (Miotso) General stacks 03/27/2026   P90 RUB BSSM00003075 03/27/2026 4 03/27/2026 Books
    Library of Congress Classification     Non-fiction Business Library (Miotso) Business Library (Miotso) General stacks 03/27/2026   P90 RUB BSSM00003076 03/27/2026 5 03/27/2026 Books
    Library of Congress Classification     Non-fiction Business Library (Miotso) Business Library (Miotso) General stacks 03/27/2026   P90 RUB BSSM00003077 03/27/2026 6 03/27/2026 Books
    Library of Congress Classification     Non-fiction Graduate Library (Christ Temple) Graduate Library (Christ Temple) General stacks 12/02/2024   P 90 RUB gsct00000206 12/02/2024 4 12/02/2024 Books
    Library of Congress Classification     Non-fiction Graduate Library (Christ Temple) Graduate Library (Christ Temple) General stacks 12/02/2024   P 90 RUB gsct00000207 12/02/2024 5 12/02/2024 Books
    Library of Congress Classification     Non-fiction Graduate Library (Christ Temple) Graduate Library (Christ Temple) General stacks 12/02/2024   P 90 RUB gsct00000208 12/02/2024 6 12/02/2024 Books
© 2023-2024 Copyright: Central University Libraries. All Rights Reserved | Created by: Mahone Tech Office